[Event "Vienna Silvester op-B"]
[Site "Vienna"]
[Date "2021.12.29"]
[Round "3"]
[White "Sudarma, Allan"]
[Black "Gerold, Arnold"]
[Result "0-1"]
[WhiteElo "1200"]
[BlackElo "1769"]
[PlyCount "68"]
[EventDate "2021.12.27"]
[EventType "swiss"]
[EventRounds "7"]
[EventCountry "AUT"]
[SourceTitle "EXT 2023"]
[Source "ChessBase"]
[SourceDate "2022.10.05"]
[SourceVersion "1"]
[SourceVersionDate "2022.10.05"]
[SourceQuality "1"]

1. e4 c5 2. Nf3 d6 3. c3 Nf6 4. d3 g6 5. Bg5 Bg7 6. h3 0-0 7. Be2 Nbd7 8. Nbd2 b6 9. Nh2 Bb7 10. 0-0 Qc7 11. f4 a6 12. Rc1 Bc6 13. Bf3 Rac8 14. d4 e5 15. fxe5 dxe5 16. d5 Ba8 17. Nc4 Rce8 18. Ne3 c4 19. Nhg4 b5 20. b4 Qd6 21. Be2 Nxe4 22. Nh6+ Kh8 23. Nxf7+ Rxf7 24. Rxf7 Nxg5 25. Rf2 Nf6 26. h4 Nge4 27. Rf3 Nxd5 28. Nxd5 Bxd5 29. Qc2 Nf6 30. Rh3 Be4 31. Qb2 Bf5 32. Rh2 Ne4 33. g4 Qb6+ 34. Kg2 Qf2+ 0-1